00863nam a2200229 450000100060000000300060000600500170001200800410002903500190007004000270008904100080011608200190012410000620014324501340020526000410033930000570038049000370043750000370047450000520051165000300056365000400059329298UkOxU20211209051409.01 s1927 enkaf b 001 0 eng d a(BD-RjUL)29383 aEUWcEUWdBD-RjULbeng aeng a132 bWAC 19271 aWallin, J. E. Wallaceq(John Edward Wallace),d1876-1969.10aClinical and abnormal psychology :ba textbook for educators, psychologists and mental hygiene worker/s /c J. E. Wallace Wallin. aLondon :bGeorge G. Harrap,c[1927?] axxii, 649 p., [5] leaves of plates :bill. ;c20 cm.0 aRiverside textbooks in education aIncludes index and bibliography. aAlso published Boston : Houghton Mifflin, 1927. 0aPsychology, Pathological. 0aEducational tests and measurements.